Culture Générale - Série 1597 - Statistiques

Statistiques générales
  • Ce quiz a été pris 166 fois
  • Le résultat moyen est 6 sur 10
Statistiques - réponses
Question Réponse % Correct
Comment un marin nomme-t-il le côté droit d'un navire, lorsqu'il regarde vers l'avant ? tribord
94%
Dans l'échelle de classification des mines de crayons établie par Lother Van Faber, quelle est la lettre qui définit une mine particulièrement "dure" ou "sèche" ? H
82%
Quel petit nom les Anglais donnent-ils communément au monstre supposé vivre dans le Loch Ness ? Nessie
80%
Quel dieu grec de la Lumière, fils de Zeus et de Léto, est considéré comme le plus beau des dieux ? Apollon
78%
Quelle juridiction élue est chargée de régler les litiges individuels entre salariés et employeurs ? Les prud'hommes
73%
Si vous faites des pâtés de sable sur la plage de Pampelonne à Ramatuelle, dans quel département êtes-vous ? Var
69%
Quel adjectif anglais signifiant "souterrain" qualifie un mouvement artistique d'avant-garde, indépendant des circuits commerciaux ordinaires ? underground
56%
Quel État a pour capitale Monrovia ? Liberia
55%
Quel synonyme de double ou de jumeau, dérive du nom d'un personnage des pièces titrées : "Amphytrion" ? sosie
20%
Comment appelle-t-on le plus volumineux des os du tarse, situé au-dessous de l'astragale et en arrière du cuboïde ? calcanéum
8%
Aucun quiz correspondant
Distribution des résultats
% des personnes avec chaque résultat
Percentile par nombre de réponses
Votre historique - résultats
Vous n’avez pas pris ce quiz